Science Quiz

Random Science or Clickable Quiz

Find the Three: Earth Science Quiz Stats

 Plays Quiz Updated Sep 23, 2017

Challenge
Share
Tweet
Embed
Score 0/30 Timer 03:00
6 Plays Today
% Correct
Cumulus
93%
Sedimentary
92.6%
Conduction
92.2%
Convection
92%
Crust
91.6%
Core
91.2%
Jurassic
91.1%
Cirrus
90.8%
Sand
90.5%
Igneous
90.5%
Stratus
89.8%
Clay
89.6%
Mantle
89.5%
Triassic
88.6%
Metamorphic
87.3%
% Correct
Radiation
86.5%
Silt
85.6%
Cretaceous
82.9%
Basaltic
79.6%
Andesitic
73.3%
Rhyolitic
69.5%
Convergent
67.3%
Polar
67.2%
Divergent
65.9%
Eccentricity
62.5%
Precession
55.1%
Ferrell
53.9%
Obliquity
53.5%
Hadley
53.4%
Transform
35.2%

You're not logged in!

Compare scores with friends on all Sporcle quizzes.
OR
Log In

You Might Also Like...

Show Comments

Extras

Top Quizzes Today


Score Distribution

Your Account Isn't Verified!

In order to create a playlist on Sporcle, you need to verify the email address you used during registration. Go to your Sporcle Settings to finish the process.

Report this User

Report this user for behavior that violates our Community Guidelines.

Details: